Hans Hollein: métaphores et métamorphoses

Na minha lista:
Detalhes bibliográficos
Formato: Livro
Idioma:francês
Publicado em: París Centre Georges Pompidou 1987
Assuntos:
Tags: Adicionar Tag
Sem tags, seja o primeiro a adicionar uma tag!

MARC

LEADER 00000nam a2200000 a 4500
001 UCV9937
003 CL-VaPUC
008 930804e19870000FR |||||||||||||||||fre|d
082 0 4 |a 724.6  |b HAN  |2 21 
245 1 0 |a Hans Hollein: métaphores et métamorphoses 
300 |a 30 p 
942 |c BK 
945 |d 19930804 00:00:00 
260 |a París  |b Centre Georges Pompidou  |c 1987 
500 |a Exposición presentada desde el 18 de Marzo al 8 de Junio de 1987 en el CCI 
650 0 |a Arquitectura moderna   |v Siglo 20   |9 265427 
583 |a last modification  |c 19930804 00:00:00  |k Rodrigo Vera 
999 |c 215207  |d 215205 
952 |0 0  |1 0  |4 0  |6 724_600000000000000_HAN_1987  |7 0  |8 P  |9 199240  |a BIBARQ  |b BIBARQ  |d 2019-11-14  |i 2665549  |o 724.6 HAN 1987  |p 2665549  |r 2025-01-20  |w 2019-11-14  |y BK  |k ARQ